South Bucks DC v Flanagan and another (Record no. 71294)
[ view plain ]
| 000 -LEADER | |
|---|---|
| fixed length control field | 01799cam a2200253 4500 |
| 001 - CONTROL NUMBER | |
| control field | ABS65971 |
| 008 - FIXED-LENGTH DATA ELEMENTS--GENERAL INFORMATION | |
| fixed length control field | 021003n2002 000 0 eng u |
| 035 ## - SYSTEM CONTROL NUMBER | |
| System control number | (Sirsi) u119979 |
| 245 ## - TITLE STATEMENT | |
| Title | South Bucks DC v Flanagan and another |
| 260 ## - PUBLICATION, DISTRIBUTION, ETC. | |
| Date of publication, distribution, etc. | 2002 |
| 490 ## - SERIES STATEMENT | |
| Series statement | Weekly Law Reports |
| Volume/sequential designation | [2002] 1 WLR 2601-2609(9) |
| 490 ## - SERIES STATEMENT | |
| Series statement | Journal of Planning and Environment Law |
| Volume/sequential designation | [2002] JPL 1465-1473(8) |
| 520 ## - SUMMARY, ETC. | |
| Summary, etc. | CA 16 May 2002. The claimant council (SB) employed a solicitor (S) in private practice to prosecute breaches of two enforcement notices which required the removal of items from land owned by the first defendant (F) and occupied by the second defendant (J). S was authorised to discontinue the prosecution on certain conditions and agreed to withdraw the prosecutions and the enforcement notices at a hearing before the magistrates' court. SB subsequently applied for an injunction to force compliance with the notices. SB's appeal against the judgment that it was estopped from seeking injunctive relief was allowed. J appealed on the ground that the representation made by S to withdraw the enforcement notices gave rise to a legitimate representation that no further proceedings under these notices would be initiated. "Held" appeal dismissed. It was no part of the usual authority of a solicitor, appointed by a local planning authority to prosecute for a breach of an enforcement notice, to agree to a withdrawal of the underlying notice itself. |
| 590 ## - LOCAL NOTE (RLIN) | |
| Local note | ABS |
| 650 ## - SUBJECT ADDED ENTRY--TOPICAL TERM | |
| Topical term or geographic name entry element | SOUTH BUCKS DC V FLANAGAN AND ANOTHER |
| 650 ## - SUBJECT ADDED ENTRY--TOPICAL TERM | |
| Topical term or geographic name entry element | ENFORCEMENT NOTICES |
| 650 ## - SUBJECT ADDED ENTRY--TOPICAL TERM | |
| Topical term or geographic name entry element | ESTOPPEL |
| 650 ## - SUBJECT ADDED ENTRY--TOPICAL TERM | |
| Topical term or geographic name entry element | OSTENSIBLE AUTHORITY |
| 650 ## - SUBJECT ADDED ENTRY--TOPICAL TERM | |
| Topical term or geographic name entry element | TOWN AND COUNTRY PLANNING ACT 1990 S215 |
| 650 ## - SUBJECT ADDED ENTRY--TOPICAL TERM | |
| Topical term or geographic name entry element | PLANNING |
| 650 ## - SUBJECT ADDED ENTRY--TOPICAL TERM | |
| Topical term or geographic name entry element | INJUNCTIVE RELIEF |
| 690 ## - LOCAL SUBJECT ADDED ENTRY--TOPICAL TERM (OCLC, RLIN) | |
| Topical term or geographic name as entry element | Planning and development |
| 9 (RLIN) | 6259 |
| 942 ## - ADDED ENTRY ELEMENTS (KOHA) | |
| Suppress in OPAC | 0 |
| Withdrawn status | Lost status | Source of classification or shelving scheme | Damaged status | Not for loan | Home library | Current library | Shelving location | Date acquired | Total Checkouts | Full call number | Barcode | Date last seen | Copy number | Price effective from | Koha item type |
|---|---|---|---|---|---|---|---|---|---|---|---|---|---|---|---|
| Dewey Decimal Classification | London | London | Journal article | 03/10/2002 | ABS65971 | 119979-1001 | 06/08/2019 | 1 | 06/08/2019 | Law report |